| 000 | 06029nam a2200421 a 4500 | ||
|---|---|---|---|
| 003 | CHAP | ||
| 005 | 20250610124436.0 | ||
| 007 | ta | ||
| 008 | 250609s2002 mx ad frm 00110 spa d | ||
| 040 |
_cCHAP _amxchpua _erda |
||
| 041 | 0 |
_aspa _beng |
|
| 090 |
_aTesis _bS55 _c2002 |
||
| 100 | 1 | _aSilerio Rodelo, Daniel | |
| 240 | 1 | 0 |
_aEvaluation and use of the by-products (internal organ, blood, head) of the rabbit (Orictalagus cunniculus L.). _lEspañol |
| 245 | 1 | 0 |
_aEvaluación y aprovechamiento de los subproductos (visceras, sangre y cabeza) del conejo (Orictalagus cunniculus L.) / _cDaniel Silerio Rodelo |
| 264 |
_aChapingo, México : _bEl autor, _c2002 |
||
| 300 |
_avii, 91 hojas : _bilustraciones, gráficas, tablas |
||
| 336 |
_2rdacontent _atexto _btxt |
||
| 337 |
_2rdamedia _ano mediado _bn |
||
| 338 |
_2rdacarrier _avolumen _bnc |
||
| 502 |
_aTesis _b(Ingeniero Agroindustrial) -- _cUACh. Departamento de Ingeniería Agroindustrial, _d2002 |
||
| 504 | _aBibliografía: hojas 89-91 | ||
| 520 | 3 | _aEn la presente investigación se tiene como objetivo evaluar los subproductos derivados del sacrificio del conejo, lo que conlleva elaborar harina de sangre y queso de cabeza así Como aprovechar las vísceras para Consumo humano; y con ello determinar la cantidad de subproductos que son desechados en los mataderos, Ocasionándose con ello problemas de contaminación al mismo tiemp0 que se genera un valor agregado a los productos de desecho. El trabajo se realizo con 108 conejos de la raza Nueva Zelanda Blanco, destetados a 30-32 días con un pesO promedio de 700 gy sacrificados a 85-90 días de edad. En la alimentación de los animales con los cuales se trabajo se utilizaron dos dietas comerciales diferentes, nacimiento-destete (lactancia) (32 días) se utilizó Purina Tipo Especial (CONEJINA E F), en engorda se utilizó Purina Tipo Normal (CONEJINA N). Se obsevo una relación directamente proporcional con respecto al peso de la canal (promedio 50 %) y el peso del animal, así mismo, se encuentra que mientras más pegueñOs Son los animales el rendimiento de los subproductos es mayor y menor el de la canal. Al aprovechar los despojos en la obtención de productos para consumo humano los resultados fueron favorables; con las vísceras blancas y rojas se elaboraron tres productOs de los cuales en las tripas o intestinos blancos en salsa y los estómagos0 panzas rellenas obtuvo un buen grado de aceptación por parte de los panelistas, el paté de hígado fue el producto que tuvo una aceptación baja (50 %). El higado de Conejo presentó una gran facilidad para la absorción o retención de sal (cloruro de Sodio y nitrito de sodio) y aun más que la prueba de evaluación sensorial se realizó empleando galleta salada. Al evaluar la cabeza, se concluyó que ésta tiene una proporción de carne (44 %) muy similar a la del hueso (43 %) y sesos es baja, al aprovechar la carne de ésta en la elaboración de un producto se presento un buen rendimiento y una muy buena aceptación por los panelistas. La harina de sangre Como un productO para consumo animal se obtuvo un rendimiento del 20.3 % en base al peso fresco de la sangre, con una humedad promedio de 4.6 %. -- | |
| 520 | 3 | _aThe present study one has as objective to evaluate the derived by-products of the sacrifice of the rabbit, what bears to elaborate flour of blood and head cheese as well as to take advantage of the viscera for human consumption; and with it to determine the quantity of by-products that you/they are discarded in the slaughterhouses, being caused with it problems of contamination at the same time that a value is generated added to the waste products. The work one carries out with 108 rabbits of the New race Zelanda Blanco, weaned to the 30-32 days with an approximate weight of 700 g and sacrificed to the 85-90 days of age. In the feeding of the animals with those which you work tWo different commercial diets were used, birth-weaning (nursing) (32 days) Purina Special Type was used (CONEJINA AND F), in it fattens Purina Normal Type it was used (CONEJINA N). One observes a directly proportional relationship with regard to the weight of the channel (l average 50%) and the weight of the animal, likewise, is found that while smaller they are the animals the yield of the by-products it is bigger and smaller that of the channel. When taking advantage of the spoils in the obtaining of products for human consumption the results they were favorable, with the white and red viscera three products were elaborated of those which in the tripes or white bowels in sauce and the stomachs or padded paunches obtained a good degree of acceptance on the part of the panelists. the liver pate was the product that had a low acceptance (50%). The rabbit liver presented a great easiness for the absorption or retention of salt (chloride of sodium and saltpeter of sodium) and even more than the test of sensorial evaluation was carried out using salted cookie. When evaluating the head, you concluded that this has a proportion of very similar meat (44 %) to that of the bone (43%) and brains are low, when taking advantage of the meat of this in the elaboration of a product you presents a good yield and a very good acceptance for the panelists. The flour of blood as a product for animal consumption a yield of 20.3% was obtained based on the fresh weight of the blood, with a humidity average of 4.6%. | |
| 650 | 1 | 3 |
_aCarne de conejo _2atg _xResiduos no comestibles |
| 650 | 1 | 3 |
_aConejos _2atg _xSubproductos animales |
| 650 | 1 | 3 |
_aHarina de sangre _2atg |
| 650 | 1 | 3 |
_aRabbit meat _2atg _xInedible offal |
| 650 | 1 | 3 |
_aRabbits _2atg _xAnimal byproducts |
| 650 | 1 | 3 |
_aBlood meal _2atg |
| 700 | 1 |
_aMejenes Quijano, Amilcar Renán _edirector |
|
| 700 | 1 |
_aMendoza Alvarez, Ma. Beatríz _easesora |
|
| 700 | 1 |
_aRamírez Sepúlveda, Marco Favio _easesor |
|
| 901 | _aTESIS S55 2002 | ||
| 942 |
_cTESIS _2Clasificación Universidad Autónoma Chapingo |
||
| 999 |
_c220574 _d220574 |
||